Puteri rebutan

Bibliographic Details
Format: Book
Published: Kuala Lumpur : Penerbit Gema Insan , 1994
Series:Siri klasik dunia
Subjects:

MARC

LEADER 00000cam a2200000 7i4500
001 0000050080
005 20220105105345.0
008 150707
020 |a 9839593854 
090 0 0 |a CT   |b MAL 
245 0 0 |a Puteri rebutan 
260 |a Kuala Lumpur :   |b Penerbit Gema Insan ,   |c 1994 
300 |a 32pg. 
490 1 |a Siri klasik dunia 
500 |a Children ages 7-9 years old (orange) 
650 0 |a Children's stories, Malay 
650 0 |a Classic tales 
999 |a 0000774132   |b Book   |c Children Collection   |e Cawangan Pontian 
999 |a 0000774133   |b Book   |c Children Collection   |e Cawangan Pontian 
999 |a 0000774134   |b Book   |c Children Collection   |e Cawangan Pontian 
999 |a 0000774135   |b Book   |c Children Collection   |e Cawangan Pontian 
999 |a 0000774136   |b Book   |c Children Collection   |e Cawangan Pontian 
999 |a 0000842756   |b Book   |c Children Collection   |e Cawangan Segamat 
999 |a 0000842758   |b Book   |c Children Collection   |e Cawangan Segamat 
999 |a 0000866918   |b Book   |c Children Collection   |e Cawangan Segamat